000 00645nai a2200169Ia 4500
003 IN-BaIIA
008 211028c9999 xx s 000 0 eng d
022 _a2644-1284 (Online)
040 _cIIA Library
245 0 _aIEEE Open Journal of the Industrial Electronics Society
_h[eJournal]
260 _aNew York, USA
_bThe Institute of Electrical and Electronics Engineers, Inc. (IEEE)
310 _aAnnually
362 _a1; 2020 - Present
521 _bSubscribed through National Knowledge Resource Consortium (NKRC)
856 _uhttps://ieeexplore.ieee.org/xpl/RecentIssue.jsp?punumber=8782706
_yClick Here to Access eJournal
942 _cEJ
999 _c34569
_d34569